|
|
|
|
| LEADER |
00000nam0a2200000 4500 |
| 001 |
254802 |
| 005 |
20231101232952.0 |
| 010 |
|
|
|a 5211002105
|
| 020 |
|
|
|a RU
|b 89-61839
|
| 035 |
|
|
|a (RuTPU)RU\TPU\book\277292
|
| 090 |
|
|
|a 254802
|
| 100 |
|
|
|a 20140324d1989 k y0rusy5003 ca
|
| 101 |
0 |
|
|a rus
|
| 102 |
|
|
|a RU
|
| 105 |
|
|
|a y z 001zy
|
| 200 |
1 |
|
|a Воображение и рациональность
|e опыт методологического анализа познавательных функций воображения
|f Л. С. Коршунова, Б. И. Пружинин
|
| 210 |
|
|
|a Москва
|c Изд-во МГУ
|d 1989
|
| 215 |
|
|
|a 180,[2] с.
|d 20 см
|
| 320 |
|
|
|a Библиогр.: с. 171-181 (307 назв.)
|
| 606 |
1 |
|
|a Воображение и рациональность
|x Философия
|2 stltpush
|3 (RuTPU)RU\TPU\subj\3689
|9 32067
|
| 610 |
1 |
|
|a философские исследования
|
| 610 |
1 |
|
|a психологические исследования
|
| 610 |
1 |
|
|a рациональность
|
| 610 |
1 |
|
|a знание
|
| 610 |
1 |
|
|a мысли
|
| 610 |
1 |
|
|a мышление
|
| 610 |
1 |
|
|a идеология
|
| 610 |
1 |
|
|a время
|
| 686 |
|
|
|a Ю251.5
|2 rubbk
|
| 700 |
|
1 |
|a Коршунова
|b Л. С.
|g Лада Сергеевна
|
| 701 |
|
1 |
|a Пружинин
|b Б. И.
|g Борис Исаевич
|
| 801 |
|
0 |
|a RU
|b RuMRKP
|c 19950417
|g psbo
|
| 801 |
|
1 |
|a RU
|b 63413507
|c 20140324
|
| 801 |
|
2 |
|a RU
|b 63413507
|c 20140621
|g RCR
|
| 942 |
|
|
|c BK
|